000 00843nam a2200181Ia 4500
008 151202s9999||||xx |||||||||||||| ||und||
082 _bPNVM-57785
100 _aमंगेशकर गीता आणि बांदोडकर गौरी.
245 _aस्वप्नातल्या राजकुमारा.
260 _bबांदोडकर पब्लिशिंग हाउस गोवा.
260 _c1991
300 _a269
600 _aमंगेशकर गीता आणि बांदोडकर गौरी.
630 _aस्वप्नातल्या राजकुमारा.
700 _aमंगेशकर गीता आणि बांदोडकर गौरी.
730 _aस्वप्नातल्या राजकुमारा.
942 _cBOOK
999 _c1324323
_d1324320